[Event "ACL-A048"]
[Site "www.playchess.de"]
[Date "2001.04.05"]
[Round "5"]
[White "Spiridonas"]
[Black "Yogibear"]
[WhiteElo "1500"]
[BlackElo "1731"]
[PlyCount "44"]
[Result "0-1"]

1.b3 e5 2.Bb2 Nc6 3.g3 d5 4.Bg2 Nf6 5.e3 Bd6 6.Ne2 
O-O 7.d3 Bg4 8.h3 Bf5 9.g4 Be6 10.Nd2 Ne7 11.f4 
Ng6 12.f5 Nh4 13.O-O Nxg2 14.Kxg2 Bd7 15.Nf3 Re8 
16.Ng3 e4 17.Nh4 exd3 18.g5 Bxg3 19.gxf6 Bxh4 
20.fxg7 Rxe3 21.f6 d4 22.Rf3 Bc6 0-1

[Event "ACL-A048"]
[Site "www.playchess.de"]
[Date "2001.04.05"]
[Round "8"]
[White "Yogibear"]
[Black "Robama"]
[WhiteElo "1731"]
[BlackElo "1499"]
[PlyCount "41"]
[Result "1-0"]

1.c4 e6 2.g3 b6 3.Bg2 c6 4.d4 Bb4+ 5.Bd2 Qe7 6.Nf3 
Ba6 7.Qa4 Bd6 8.Nc3 h5 9.O-O Nf6 10.Bg5 c5 11.dxc5 
Bxc5 12.Nd2 Nc6 13.Bxc6 Rc8 14.Bxf6 Qxf6 15.Bxd7+ 
Kd8 16.Nde4 Qe5 17.Bxc8 Kxc8 18.Qxa6+ Kb8 19.Nb5 
Qxe4 20.Qxa7+ Kc8 21.Qc7+ 1-0

[Event "ACL-A048"]
[Site "www.playchess.de"]
[Date "2001.04.05"]
[Round "11"]
[White "chrisg"]
[Black "Schwachspieler"]
[WhiteElo "1717"]
[BlackElo "1701"]
[PlyCount "57"]
[Result "1-0"]

1.d4 Nf6 2.c4 g6 3.Nc3 d5 4.Nf3 Bg7 5.Qb3 dxc4 
6.Qxc4 O-O 7.e4 Bg4 8.Be3 Bxf3 9.gxf3 Nfd7 
10.O-O-O Nb6 11.Qc5 e6 12.Bg5 Qc8 13.Bf4 Nc6 
14.Be3 f5 15.Bh3 Qd8 16.f4 Qh4 17.Bg2 fxe4 18.Bxe4 
Rad8 19.Bxc6 Rf5 20.Qa3 bxc6 21.Qxa7 Rf7 22.Qb7 
Nd5 23.Qxc6 Rd6 24.Qc4 Nxf4 25.Nb5 Rd8 26.Kb1 Nd5 
27.h3 Qe4+ 28.Qd3 Qf3 29.Ka1 1-0

[Event "ACL-A048"]
[Site "www.playchess.de"]
[Date "2001.04.05"]
[Round "12"]
[White "Schwachspieler"]
[Black "Yogibear"]
[WhiteElo "1701"]
[BlackElo "1731"]
[PlyCount "60"]
[Result "0-1"]

1.e4 d5 2.exd5 Qxd5 3.Nc3 Qa5 4.d4 Nf6 5.Nf3 c6 
6.Bc4 Bg4 7.Be2 e6 8.h3 Bh5 9.O-O Nbd7 10.Bd2 Qb6 
11.Na4 Qc7 12.Ne5 Nxe5 13.Bxh5 Nc4 14.Bc3 Nxh5 
15.Qxh5 Bd6 16.Qg4 O-O 17.Nc5 Rad8 18.Rad1 b6 
19.Ne4 f5 20.Qe2 Nxb2 21.Bxb2 fxe4 22.Qxe4 Rde8 
23.Rfe1 Bh2+ 24.Kh1 Rxf2 25.Ref1 Rxf1+ 26.Rxf1 Bd6 
27.c4 Qd7 28.Qg4 c5 29.d5 Re7 30.Bf6 
h5 0-1

[Event "ACL-A048"]
[Site "www.playchess.de"]
[Date "2001.04.05"]
[Round "13"]
[White "COMETIN"]
[Black "Schwachspieler"]
[WhiteElo "830"]
[BlackElo "1701"]
[PlyCount "23"]
[Result "1-0"]

1.d4 Nf6 2.Nc3 d5 3.f3 Nc6 4.e4 dxe4 5.fxe4 Qxd4 
6.Qf3 Bg4 7.Qf4 e5 8.Be3 Qb4 9.Rb1 exf4 10.Bxf4 
Nxe4 11.Be3 Nxc3 12.Bd2 1-0

[Event "ACL-A048"]
[Site "www.playchess.de"]
[Date "2001.04.05"]
[Round "14"]
[White "Schwachspieler"]
[Black "Spiridonas"]
[WhiteElo "1701"]
[BlackElo "1500"]
[PlyCount "30"]
[Result "0-1"]

1.e4 e6 2.d4 d5 3.Nc3 c5 4.dxc5 Bxc5 5.exd5 exd5 
6.Bb5+ Nc6 7.Qxd5 Qxd5 8.Nxd5 Kd8 9.Bg5+ f6 
10.O-O-O Bg4 11.f3 Bd7 12.Bf4 Nge7 13.Nc7 Be3+ 
14.Kb1 Bxf4 15.Nxa8 Nc8 0-1

[Event "ACL-A048"]
[Site "www.playchess.de"]
[Date "2001.04.05"]
[Round "15"]
[White "Robama"]
[Black "Schwachspieler"]
[WhiteElo "1499"]
[BlackElo "1701"]
[PlyCount "34"]
[Result "0-1"]

1.e3 e5 2.b3 d5 3.g3 Nf6 4.Nc3 Bb4 5.Nb5 a6 6.c3 
Ba5 7.Na3 Nbd7 8.g4 h5 9.gxh5 Rxh5 10.Be2 Qe7 
11.Bxh5 Nc5 12.Kf1 Nd3 13.Nf3 Nxh5 14.Rg1 Bh3+ 
15.Ke2 Nhf4+ 16.exf4 exf4+ 17.Kxd3 
Qe4+ 0-1

[Event "ACL-A048"]
[Site "www.playchess.de"]
[Date "2001.04.05"]
[Round "26"]
[White "Robama"]
[Black "BruceWillis"]
[WhiteElo "1499"]
[BlackElo "1500"]
[PlyCount "46"]
[Result "0-1"]

1.e3 f6 2.b3 e5 3.g3 d5 4.Ba3 Bxa3 5.Nxa3 Ne7 
6.Bb5+ c6 7.Bd3 e4 8.Bf1 O-O 9.c4 Qd6 10.Qc1 Bg4 
11.h3 Be6 12.h4 Nd7 13.Bh3 Ne5 14.Qc2 Nd3+ 15.Kf1 
Bxh3+ 16.Nxh3 Qxa3 17.cxd5 cxd5 18.Qc7 Rac8 
19.Qxe7 Qxe7 20.g4 Qe6 21.g5 fxg5 22.Nxg5 Rxf2+ 
23.Kg1 Qg4+ 0-1

[Event "ACL-A048"]
[Site "www.playchess.de"]
[Date "2001.04.05"]
[Round "27"]
[White "BruceWillis"]
[Black "Schwachspieler"]
[WhiteElo "1500"]
[BlackElo "1701"]
[PlyCount "68"]
[Result "1/2-1/2"]

1.c4 c5 2.Nf3 Nf6 3.g3 d5 4.cxd5 Nxd5 5.Bg2 Nc6 
6.Nc3 Nxc3 7.bxc3 e5 8.O-O Be7 9.d3 O-O 10.Nd2 Be6 
11.Rb1 Rb8 12.c4 Qd7 13.Bb2 Bh3 14.Ne4 Bxg2 
15.Kxg2 a6 16.Nc3 b5 17.Nd5 Bd6 18.e4 f5 19.Qd2 
bxc4 20.dxc4 fxe4 21.Qe2 Qf5 22.Rfe1 Nd4 23.Bxd4 
Rxb1 24.Rxb1 exd4 25.Re1 e3 26.fxe3 d3 27.e4 Qxd5 
28.exd5 dxe2 29.Rxe2 h5 30.Re6 Rf6 31.Re8+ Kf7 
32.Ra8 Be7 33.Ra7 g5 34.h3 g4 1/2-1/2

[Event "ACL-A048"]
[Site "www.playchess.de"]
[Date "2001.04.05"]
[Round "30"]
[White "Yogibear"]
[Black "vrad"]
[WhiteElo "1731"]
[BlackElo "1571"]
[PlyCount "57"]
[Result "1-0"]

1.d4 d5 2.c4 Nf6 3.cxd5 Nxd5 4.Nf3 e6 5.e4 Nf6 
6.Nc3 Be7 7.Qb3 O-O 8.Bg5 h6 9.Bh4 c6 10.Be2 Qb6 
11.e5 Qxb3 12.axb3 g5 13.exf6 Bxf6 14.Bg3 Rd8 
15.O-O Bxd4 16.Nxd4 Rxd4 17.Bxb8 Rxb8 18.Rxa7 e5 
19.Re1 f6 20.Bc4+ Kg7 21.Rea1 Rd2 22.Ne4 Rxb2 
23.Nc5 Kg6 24.h3 b6 25.Ne4 b5 26.Bf7+ Kf5 27.Nd6+ 
Kf4 28.Re1 g4 29.g3+ 1-0

[Event "ACL-A048"]
[Site "www.playchess.de"]
[Date "2001.04.05"]
[Round "32"]
[White "Spiridonas"]
[Black "vrad"]
[WhiteElo "1500"]
[BlackElo "1571"]
[PlyCount "22"]
[Result "0-1"]

1.e4 e5 2.Nf3 Nc6 3.Bc4 d6 4.Nc3 Be7 5.Nd5 Nf6 
6.d3 Bg4 7.Bg5 Nxd5 8.Bxe7 Ndxe7 9.Bxf7+ Kf8 10.h3 
Bxf3 11.Qxf3 Nd4 0-1

[Event "ACL-A048"]
[Site "www.playchess.de"]
[Date "2001.04.05"]
[Round "34"]
[White "Schwachspieler"]
[Black "vrad"]
[WhiteElo "1701"]
[BlackElo "1571"]
[PlyCount "32"]
[Result "0-1"]

1.e4 c5 2.Nf3 e6 3.d4 cxd4 4.Nxd4 Nc6 5.Nc3 Bb4 
6.Ndb5 d6 7.Qg4 Nf6 8.Qxg7 Rg8 9.Qh6 Rg6 10.Qe3 a6 
11.Nd4 Bc5 12.Nxc6 bxc6 13.Qd3 Ng4 14.Nd1 Qb6 
15.Qe2 a5 16.Qd2 d5 0-1

[Event "HCL-B055"]
[Site "www.playchess.de"]
[Date "2001.04.05"]
[Round "2"]
[White "CleanerG"]
[Black "Jake_Curtis"]
[WhiteElo "1200"]
[BlackElo "1312"]
[PlyCount "36"]
[Result "0-1"]

1.d4 Nf6 2.Nc3 c6 3.Nf3 e6 4.a3 d5 5.Bg5 c5 6.e3 
Nc6 7.Qb1 Qa5 8.b4 cxb4 9.axb4 Qxb4 10.Qb3 Qxb3 
11.cxb3 Bb4 12.Rc1 Ne4 13.Bb5 Nxc3 14.Bxc6+ bxc6 
15.Rc2 Ne4+ 16.Kd1 a5 17.Rxc6 Nxf2+ 18.Kc2 
Nxh1 0-1

[Event "HCL-B055"]
[Site "www.playchess.de"]
[Date "2001.04.05"]
[Round "3"]
[White "oz"]
[Black "CleanerG"]
[WhiteElo "1200"]
[BlackElo "1200"]
[PlyCount "24"]
[Result "0-1"]

1.b3 e5 2.Ba3 d6 3.g3 Nf6 4.Bg2 g6 5.Nc3 Bg7 6.h3 
Nc6 7.Nb5 O-O 8.Nf3 e4 9.Nh4 Re8 10.Qb1 b6 11.Bb2 
Ba6 12.Nc3 d5 0-1

[Event "HCL-B055"]
[Site "www.playchess.de"]
[Date "2001.04.05"]
[Round "5"]
[White "lostpawn2000"]
[Black "oz"]
[WhiteElo "1697"]
[BlackElo "1200"]
[PlyCount "23"]
[Result "1-0"]

1.d4 b6 2.Nf3 Nc6 3.g3 d6 4.Bg2 Bb7 5.O-O Na5 
6.Nc3 Nc4 7.Qd3 Na5 8.d5 e6 9.b4 e5 10.bxa5 bxa5 
11.Qb5+ c6 12.Qxb7 1-0

[Event "HCL-B055"]
[Site "www.playchess.de"]
[Date "2001.04.05"]
[Round "6"]
[White "CleanerG"]
[Black "lostpawn2000"]
[WhiteElo "1200"]
[BlackElo "1697"]
[PlyCount "40"]
[Result "0-1"]

1.d4 Nf6 2.e3 d5 3.c4 e6 4.Nf3 c5 5.b3 Nc6 6.Bb2 
cxd4 7.exd4 Bb4+ 8.Bc3 Qa5 9.Bd3 Bxc3+ 10.Nbd2 
Bxa1 11.Qxa1 O-O 12.O-O Re8 13.Qb1 Nxd4 14.Ng5 
Qxd2 15.Bxh7+ Nxh7 16.Qxh7+ Kf8 17.Qh5 g6 18.Nh7+ 
Kg7 19.Qd1 Ne2+ 20.Kh1 Qxd1 0-1

[Event "HCL-B055"]
[Site "www.playchess.de"]
[Date "2001.04.05"]
[Round "7"]
[White "jonte2"]
[Black "Jake_Curtis"]
[WhiteElo "1621"]
[BlackElo "1312"]
[PlyCount "73"]
[Result "1-0"]

1.d4 Nf6 2.Nf3 c6 3.Nc3 e6 4.e3 Bb4 5.Bd3 Nd5 
6.Bd2 Bxc3 7.bxc3 b5 8.e4 Nf6 9.e5 Nd5 10.O-O f6 
11.c4 bxc4 12.Bxc4 O-O 13.Qe2 Nb6 14.Bb4 Re8 
15.Bd3 Nd5 16.Bd6 Nf4 17.Qe4 Nxd3 18.Qxd3 Ba6 
19.c4 f5 20.Rfb1 Qa5 21.Ng5 h6 22.Nh3 Qa4 23.Rb4 
Qa5 24.Rab1 Kh7 25.a3 g5 26.Bxb8 Raxb8 27.R4xb8 
Rxb8 28.Rxb8 Qe1+ 29.Qf1 Qd2 30.Rb3 Qxd4 31.Rd3 
Qxe5 32.Rxd7+ Kg6 33.Rxa7 Bc8 34.Qd1 Qc3 35.Qe2 
Qc1+ 36.Qf1 Qc3 37.Rc7 1-0

[Event "HCL-B055"]
[Site "www.playchess.de"]
[Date "2001.04.05"]
[Round "9"]
[White "jonte2"]
[Black "CleanerG"]
[WhiteElo "1621"]
[BlackElo "1200"]
[PlyCount "37"]
[Result "1-0"]

1.d4 d5 2.Nf3 Nc6 3.Nc3 Bg4 4.h3 Bh5 5.e4 dxe4 
6.Nxe4 Bxf3 7.Qxf3 Nxd4 8.Qd3 Nf6 9.Be3 e5 10.Bxd4 
exd4 11.Qb5+ c6 12.Qxb7 Qc8 13.Ba6 Qxb7 14.Bxb7 
Rd8 15.Nxf6+ gxf6 16.Bxc6+ Ke7 17.O-O Bh6 18.Rfe1+ 
Kd6 19.Be4 1-0

[Event "HCL-B055"]
[Site "www.playchess.de"]
[Date "2001.04.05"]
[Round "10"]
[White "lostpawn2000"]
[Black "jonte2"]
[WhiteElo "1697"]
[BlackElo "1621"]
[PlyCount "46"]
[Result "0-1"]

1.d4 d5 2.c4 dxc4 3.e4 c6 4.Bxc4 b5 5.Be2 Nf6 
6.Nc3 b4 7.e5 bxc3 8.exf6 exf6 9.bxc3 Bd6 10.Qc2 
O-O 11.Nf3 Na6 12.O-O Rb8 13.Be3 Re8 14.Qa4 Qb6 
15.d5 Rxe3 16.fxe3 Qxe3+ 17.Rf2 Bc5 18.Nd4 Qxc3 
19.Rd1 Nb4 20.Qb3 Bxd4 21.Kf1 Qxb3 22.axb3 Bxf2 
23.dxc6 Bb6 0-1

[Event "ACL-E004"]
[Site "www.playchess.de"]
[Date "2001.04.05"]
[Round "1"]
[White "Mathemagician"]
[Black "oliver"]
[WhiteElo "1693"]
[BlackElo "2024"]
[PlyCount "48"]
[Result "0-1"]

1.e4 e6 2.d4 d5 3.Nc3 Bb4 4.e5 c5 5.Bd2 Ne7 6.Nb5 
Bxd2+ 7.Qxd2 O-O 8.c3 Nbc6 9.Nf3 a6 10.Nd6 cxd4 
11.cxd4 f6 12.Nxc8 Rxc8 13.exf6 Rxf6 14.Bd3 Qd6 
15.O-O Rcf8 16.Rfe1 Rh6 17.Ne5 Rh4 18.Qe3 Nxd4 
19.Rad1 Nec6 20.Qg5 Nxe5 21.Rxe5 Rff4 22.Rc1 Rfg4 
23.Qe3 Qxe5 24.Qxe5 Nf3+ 0-1

[Event "ACL-E004"]
[Site "www.playchess.de"]
[Date "2001.04.05"]
[Round "2"]
[White "peze"]
[Black "Mathemagician"]
[WhiteElo "1945"]
[BlackElo "1693"]
[PlyCount "40"]
[Result "1/2-1/2"]

1.c4 e5 2.Nc3 d6 3.g3 Nf6 4.Bg2 Be7 5.Nf3 O-O 6.d4 
exd4 7.Nxd4 c6 8.O-O Nbd7 9.b3 Re8 10.Bb2 Qc7 
11.Qd2 Nf8 12.Rad1 Ng6 13.Rfe1 Bd7 14.e4 a6 15.Nf5 
Bxf5 16.exf5 Ne5 17.Ne4 Nxe4 18.Rxe4 Rad8 19.f4 
Ng4 20.Qe2 h5 1/2-1/2

[Event "ACL-E004"]
[Site "www.playchess.de"]
[Date "2001.04.05"]
[Round "3"]
[White "oliver"]
[Black "peze"]
[WhiteElo "2024"]
[BlackElo "1945"]
[PlyCount "30"]
[Result "1/2-1/2"]

1.e4 c6 2.d4 d5 3.e5 c5 4.dxc5 Nc6 5.Bb5 e6 6.Qg4 
Bd7 7.Bxc6 Bxc6 8.Nf3 h5 9.Qf4 Bxc5 10.Be3 d4 
11.Nxd4 Bxg2 12.Rg1 g5 13.Qxg5 Bxd4 14.Qxd8+ Rxd8 
15.Bxd4 Rxd4 1/2-1/2

[Event "ACL-E004"]
[Site "www.playchess.de"]
[Date "2001.04.05"]
[Round "4"]
[White "Mathemagician"]
[Black "rht341"]
[WhiteElo "1693"]
[BlackElo "1893"]
[PlyCount "72"]
[Result "0-1"]

1.e4 e5 2.Nf3 Nc6 3.Bc4 Nf6 4.Ng5 d5 5.exd5 Na5 
6.Bb5+ c6 7.dxc6 bxc6 8.Ba4 h6 9.Nf3 e4 10.Qe2 Be6 
11.Ne5 Qd4 12.Bxc6+ Nxc6 13.Qb5 Bc5 14.Qxc6+ Ke7 
15.f4 Qf2+ 16.Kd1 Rac8 17.Qb7+ Kd8 18.Re1 Qxg2 
19.f5 Bd5 20.Nxf7+ Bxf7 21.Qxf7 Bf2 22.Nc3 Rxc3 
23.dxc3 Qf3+ 24.Re2 Qh1+ 25.Kd2 e3+ 26.Rxe3 Bxe3+ 
27.Kxe3 Re8+ 28.Qxe8+ Kxe8 29.a3 Qe4+ 30.Kf2 Ng4+ 
31.Kg3 Ne5 32.h3 Qf3+ 33.Kh2 Qf2+ 34.Kh1 Qf1+ 
35.Kh2 Nf3+ 36.Kg3 Ne1 0-1

[Event "ACL-E004"]
[Site "www.playchess.de"]
[Date "2001.04.05"]
[Round "5"]
[White "rht341"]
[Black "oliver"]
[WhiteElo "1893"]
[BlackElo "2024"]
[PlyCount "42"]
[Result "1/2-1/2"]

1.e4 e6 2.d4 d5 3.Nd2 c5 4.Ngf3 cxd4 5.Nxd4 Nf6 
6.exd5 Qxd5 7.Nb5 Na6 8.Qe2 Be7 9.Nb3 O-O 10.Be3 
Bd7 11.Rd1 Bxb5 12.Qxb5 Qxb5 13.Bxb5 Nb4 14.c3 
Nc2+ 15.Ke2 Nxe3 16.fxe3 a6 17.Bd3 Rfd8 18.g3 Rd7 
19.Rd2 Rad8 20.Rhd1 g6 21.Bc2 R7xd2+ 1/2-1/2

[Event "ACL-E004"]
[Site "www.playchess.de"]
[Date "2001.04.05"]
[Round "8"]
[White "oliver"]
[Black "archeo"]
[WhiteElo "2024"]
[BlackElo "2034"]
[PlyCount "49"]
[Result "1-0"]

1.e4 c5 2.c3 d5 3.exd5 Qxd5 4.d4 Nf6 5.Nf3 Bg4 
6.Nbd2 Nc6 7.Bc4 Bxf3 8.Qb3 Bxg2 9.Bxd5 Bxd5 
10.Qxb7 Nxd4 11.Qa6 Nc2+ 12.Ke2 Nxa1 13.Rd1 Nd7 
14.Nc4 Bxc4+ 15.Qxc4 e5 16.Bg5 Be7 17.Bxe7 Kxe7 
18.Qa6 Rhd8 19.Qb7 f5 20.Rxd7+ Rxd7 21.Qxa8 e4 
22.Qg8 Kd6 23.Qf8+ Ke6 24.Qxc5 Nc2 
25.Qb5 1-0

[Event "ACL-E004"]
[Site "www.playchess.de"]
[Date "2001.04.05"]
[Round "9"]
[White "archeo"]
[Black "peze"]
[WhiteElo "2034"]
[BlackElo "1945"]
[PlyCount "101"]
[Result "1-0"]

1.e4 e5 2.Nf3 Nf6 3.Nxe5 d6 4.Nf3 Nxe4 5.c4 Nc6 
6.Nc3 Nxc3 7.bxc3 Be7 8.d4 O-O 9.Bd3 Re8 10.O-O 
Bf6 11.h3 b6 12.Bf4 Bb7 13.Qc2 g6 14.Rfe1 Qd7 
15.Nh2 Bg7 16.Ng4 f5 17.Ne3 Nd8 18.Nxf5 gxf5 
19.Bxf5 Qf7 20.Bxh7+ Kh8 21.Bg5 Qf8 22.Qg6 Nf7 
23.Qh5 Nxg5 24.Be4+ Bh6 25.Bxb7 Rab8 26.Bc6 Rxe1+ 
27.Rxe1 Qf6 28.Bd5 Rf8 29.f4 Nf7 30.Re4 c5 31.h4 
Kg7 32.g4 Bxf4 33.Re6 Be3+ 34.Rxe3 Ne5 35.Qg5+ 
Qxg5 36.hxg5 Nxg4 37.Re7+ Kg6 38.Rxa7 Kxg5 39.Rd7 
Rf6 40.Re7 Rf4 41.dxc5 dxc5 42.Kg2 Kh4 43.Re2 Rf6 
44.Be6 Kg5 45.Kg3 Nf2 46.Rxf2 Rxe6 47.Kf3 Kf5 
48.Re2 Rh6 49.Ke3 Re6+ 50.Kd3 Rxe2 
51.Kxe2 1-0

[Event "ACL-E004"]
[Site "www.playchess.de"]
[Date "2001.04.05"]
[Round "11"]
[White "Mathemagician"]
[Black "Gearloose"]
[WhiteElo "1693"]
[BlackElo "1886"]
[PlyCount "41"]
[Result "1-0"]

1.e4 e6 2.d4 d5 3.Nc3 Bb4 4.e5 c5 5.a3 Bxc3+ 
6.bxc3 Qc7 7.Qg4 Kf8 8.Bd2 Bd7 9.Nf3 Ba4 10.O-O-O 
Nd7 11.Qf4 Nh6 12.c4 Rc8 13.Bd3 Kg8 14.Qg3 Nf5 
15.Bxf5 exf5 16.Nh4 Bxc2 17.Bh6 g6 18.Kxc2 cxd4 
19.Rxd4 Nxe5 20.Bf4 f6 21.Nxf5 1-0

[Event "ACL-E004"]
[Site "www.playchess.de"]
[Date "2001.04.05"]
[Round "13"]
[White "peze"]
[Black "Gearloose"]
[WhiteElo "1945"]
[BlackElo "1886"]
[PlyCount "36"]
[Result "1/2-1/2"]

1.d4 Nf6 2.c4 c5 3.d5 b5 4.cxb5 a6 5.bxa6 Bxa6 
6.g3 g6 7.Bg2 d6 8.b3 Bg7 9.Bb2 O-O 10.Nh3 Ra7 
11.Nc3 Nbd7 12.O-O Qa8 13.Qc2 Rb8 14.Rfb1 Nb6 
15.e4 Ng4 16.Nf4 Ne5 17.Qd1 c4 18.h3 
Nbd7 1/2-1/2

[Event "HCL-A045"]
[Site "www.playchess.de"]
[Date "2001.04.06"]
[Round "6"]
[White "BOSTER"]
[Black "EKALAYA"]
[WhiteElo "1803"]
[BlackElo "1949"]
[PlyCount "72"]
[Result "1/2-1/2"]

1.e4 c5 2.Nf3 Nc6 3.d4 cxd4 4.Nxd4 d6 5.Nc3 Nf6 
6.Bc4 e6 7.O-O Be7 8.Be3 O-O 9.Bb3 a6 10.f4 Qc7 
11.f5 Nxd4 12.Bxd4 e5 13.Be3 b5 14.Nd5 Nxd5 
15.Bxd5 Bb7 16.f6 Bxf6 17.Rxf6 gxf6 18.Bh6 Kh8 
19.Qf3 f5 20.Qxf5 f6 {Welcome back to PlayChess !} 
 21.Bxb7 {Let us play!}  Qxb7 22.Bxf8 Rxf8 23.Rd1 
Qc7 24.Qe6 Qxc2 25.Qxd6 Kg7 26.Qd7+ Rf7 {It looks 
to me draw by repetitive checks will follow soon 
.. ?}  27.Qg4+ Kh6 28.Qh4+ Kg7 29.Qg4+ Kh6 {Seems 
that it is too risky for either side to try for 
more ..}  30.Rf1 Qc5+ 31.Kh1 Qc4 32.Kg1 Qc5+ 
33.Kh1 Qc4 34.Kg1 Qc5+ 35.Kh1 Qc4 {I trust we 
already have a three-fold repitition.}  36.Kg1 
Qc5+ 1/2-1/2

[Event "HCL-A067"]
[Site "www.playchess.de"]
[Date "2001.04.06"]
[Round "8"]
[White "Bordiga"]
[Black "daphatmon"]
[WhiteElo "1900"]
[BlackElo "1611"]
[PlyCount "39"]
[Result "1-0"]

1.e4 e6 2.d4 d5 3.Nd2 c5 4.exd5 exd5 5.Qe2+ Qe7 
6.dxc5 Qxe2+ 7.Nxe2 Bxc5 8.Nb3 Bd6 9.Bf4 Bxf4 
10.Nxf4 Nf6 11.O-O-O Be6 12.Nc5 Bc8 13.Bb5+ Nc6 
14.Rhe1+ Kf8 15.Nxd5 Nxd5 16.Rxd5 g6 17.Bxc6 bxc6 
18.Rd6 Kg7 19.Rxc6 Bf5 20.c4 1-0

[Event "HCL-B138"]
[Site "www.playchess.de"]
[Date "2001.04.06"]
[Round "1"]
[White "shsh"]
[Black "BuckNaked"]
[WhiteElo "1460"]
[BlackElo "1422"]
[PlyCount "40"]
[Result "0-1"]

1.d4 f5 2.Nc3 Nf6 3.Bg5 d5 4.e3 Nbd7 5.Be2 c6 
6.Nh3 Qb6 7.b3 Qa5 8.Qd2 e6 9.Na4 Qxd2+ 10.Kxd2 
Ne4+ 11.Kc1 Ba3+ 12.Nb2 O-O 13.Bf4 Re8 14.Bh5 g6 
15.Bf3 e5 16.dxe5 Nxe5 17.Bxe4 fxe4 18.Rb1 Bxh3 
19.gxh3 Nf3 20.Rd1 Re6 0-1

[Event "HCL-B146"]
[Site "www.playchess.de"]
[Date "2001.04.06"]
[Round "6"]
[White "OObuc"]
[Black "rikkirich"]
[WhiteElo "1181"]
[BlackElo "1401"]
[PlyCount "33"]
[Result "1-0"]

1.b4 e5 2.a3 d5 3.Nc3 Nf6 4.g3 Be7 5.Bg2 O-O 6.Nf3 
Nc6 7.Ng5 h6 8.Nf3 e4 9.Nh4 g5 10.Nf3 exf3 11.Bxf3 
Bh3 12.Bb2 g4 13.Nxd5 gxf3 14.exf3 Nxd5 15.Qe2 Bf6 
16.Bxf6 Qxf6 17.Rb1 1-0

[Event "HCL-C055"]
[Site "www.playchess.de"]
[Date "2001.04.06"]
[Round "15"]
[White "Platon"]
[Black "camos"]
[WhiteElo "1000"]
[BlackElo "965"]
[PlyCount "71"]
[Result "1-0"]

1.e4 d5 2.Bb5+ c6 3.Bd3 Nf6 4.f3 e6 5.exd5 cxd5 
6.c4 d4 7.Qa4+ Nc6 8.c5 Bxc5 9.Qc4 b6 10.Be4 Nxe4 
11.fxe4 e5 12.Qa4 Bd7 13.Na3 Qf6 14.Qa6 Nb4 15.Qc4 
Qg6 16.Qe2 d3 17.Qf3 Bg4 18.Qg3 O-O-O 19.Qxe5 Be2 
20.Nxe2 dxe2 21.Qg3 Nc2+ 22.Nxc2 Qxe4 23.Ne3 Rd3 
24.Qg4+ Qe6 25.Qxe6+ fxe6 26.Kxe2 Rhd8 27.Rf1 e5 
28.Rf7 e4 29.Rxa7 g5 30.Rxh7 Bd6 31.a4 Rf8 32.Rh6 
Bc5 33.Re6 Rf4 34.a5 Kb7 35.Ra4 g4 
36.a6+ 1-0

[Event "HCL-C148"]
[Site "www.playchess.de"]
[Date "2001.04.06"]
[Round "36"]
[White "German04"]
[Black "Nunogomez"]
[WhiteElo "1215"]
[BlackElo "849"]
[PlyCount "53"]
[Result "1-0"]

1.e4 c5 2.Nf3 Nc6 3.d4 cxd4 4.Bd3 e5 5.O-O h6 
6.Re1 Nf6 7.c3 Bc5 8.cxd4 exd4 9.e5 Ng4 10.h3 d6 
11.hxg4 Bxg4 12.exd6+ Kf8 13.Bf4 g5 14.Bg3 Bxd6 
15.Qb3 Bxf3 16.gxf3 Na5 17.Qd5 Bb4 18.Qxd8+ Rxd8 
19.Re5 Nc6 20.Rb5 b6 21.a3 Bd6 22.Nd2 Bf4 23.Ne4 
Rb8 24.Nf6 Rb7 25.Re1 a6 26.Rd5 Ne7 
27.Rxd4 1-0

[Event "HCL-C149"]
[Site "www.playchess.de"]
[Date "2001.04.06"]
[Round "5"]
[White "Smutje"]
[Black "arsenic"]
[WhiteElo "764"]
[BlackElo "1257"]
[PlyCount "95"]
[Result "1-0"]

1.e4 e6 2.Nc3 d5 3.exd5 exd5 4.Qe2+ Be7 5.g3 Nf6 
6.Qf3 O-O 7.Bd3 c6 8.a4 Bg4 9.Qg2 Qb6 10.f3 Bd7 
11.b3 Na6 12.g4 Rfe8 13.g5 Bc5+ 14.Kd1 Nh5 15.a5 
Qc7 16.Nge2 Nb4 17.Bb2 Nxd3 18.cxd3 Nf4 19.Nxf4 
Qxf4 20.g6 d4 21.Ne4 Bb4 22.Ra4 c5 23.gxh7+ Kxh7 
24.Rg1 g6 25.Ng5+ Kg7 26.Kc2 Bxa4 27.bxa4 Reh8 
28.Ne6+ fxe6 29.Qxg6+ Kf8 30.Qg7+ Ke8 31.Qxh8+ Qf8 
32.Qh5+ Kd7 33.Qh7+ Qe7 34.Rg7 Re8 35.Rxe7+ Rxe7 
36.Qe4 Kc7 37.a6 bxa6 38.Qa8 Kb6 39.Qd8+ Rc7 
40.Qd6+ Rc6 41.Qb8+ Ka5 42.Qxa7 Rb6 43.Kb3 Bxd2+ 
44.Kc4 Rb4+ 45.Kxc5 e5 46.Ba3 Rb3 47.Qc7+ Kxa4 
48.Bb4 1-0

[Event "HCL-E018"]
[Site "www.playchess.de"]
[Date "2001.04.06"]
[Round "18"]
[White "Hertie"]
[Black "Merscheid"]
[WhiteElo "2158"]
[BlackElo "2289"]
[PlyCount "54"]
[Result "0-1"]

1.e4 e5 2.Nf3 Nc6 3.d4 exd4 4.Bc4 Bb4+ 5.c3 dxc3 
6.O-O cxb2 7.Bxb2 Bf8 8.Qd5 Nh6 9.Nc3 d6 10.Bb5 
Bd7 11.e5 Be7 12.exd6 cxd6 13.Qe4 O-O 14.Nd5 Re8 
15.Bxc6 Bf8 16.Qd4 bxc6 17.Nf4 Rb8 18.Bc3 
{irgendwie habe ich die Eröffnung ein klein wenig 
mißhandelt}  Bg4 {Man erkennt aber noch den 
schottischen Ursprung.}  19.Kh1 Bxf3 20.gxf3 Qh4 
21.Rfg1 Nf5 22.Qd2 Qh6 23.Rg4 Nh4 24.Rg3 Ng6 
25.Rg4 f5 26.Rxg6 hxg6 27.Rg1 g5 0-1

[Event "ACL-A078"]
[Site "www.playchess.de"]
[Date "2001.04.06"]
[Round "23"]
[White "guerino"]
[Black "Buziness"]
[WhiteElo "1500"]
[BlackElo "1500"]
[PlyCount "39"]
[Result "1-0"]

1.d4 d5 2.c4 dxc4 3.e4 e6 4.Nc3 c5 5.Nf3 Nc6 
6.Bxc4 cxd4 7.Ne2 e5 8.Qb3 Nb4 9.Bxf7+ Kd7 
10.Nxe5+ Kc7 11.Bxg8 d3 12.Bf4 Nc2+ 13.Kd2 Nxa1 
14.Rxa1 dxe2+ 15.Kxe2 Qf6 16.Ng6+ Kd8 17.Rd1+ Ke8 
18.Qb5+ Qc6 19.Qe5+ Be6 20.Bxe6 1-0

[Event "HCL-C155"]
[Site "www.playchess.de"]
[Date "2001.04.06"]
[Round "9"]
[White "tiberiuskirk"]
[Black "archon"]
[WhiteElo "1100"]
[BlackElo "1400"]
[PlyCount "53"]
[Result "0-1"]

1.e4 e5 2.Nf3 Nc6 3.Bc4 Bc5 4.O-O Nf6 5.Ng5 O-O 
6.d3 d6 7.Bb3 Bg4 8.Nf3 d5 9.Re1 Qxd1 10.dxe4 Nxe4 
11.Rxd1 Bxe3 12.Be3 Bxf3 13.fxe3 Nc5 14.gxf3 Nb4 
15.Bd5 Nxd5 16.Na3 Na4 17.Rxd5 Nxb2 18.Rxe5 Na4 
19.Rb1 Nc3 20.Rxb7 Nxa2 21.Rxc7 a5 22.Ree7 Nb4 
23.e4 Nd5 {?}  24.e5 Nxc7 25.Red7 Rfc8 26.Rxc7 Rc3 
27.Rd7 0-1

[Event "HCL-C160"]
[Site "www.playchess.de"]
[Date "2001.04.06"]
[Round "3"]
[White "dcscott"]
[Black "arsenic"]
[WhiteElo "598"]
[BlackElo "1248"]
[PlyCount "47"]
[Result "1-0"]

1.Nf3 {Hi From Westerville, Ohio good luck!}  d5 
{same to you!}  2.g3 Bg4 3.Bg2 Nd7 4.c4 e6 5.b3 
Bd6 6.O-O Ngf6 7.Nc3 c6 8.Bb2 Qe7 9.d3 O-O 10.Re1 
e5 11.e3 Bb4 12.h3 Bh5 13.g4 Bg6 14.Nh4 d4 15.exd4 
Bxc3 16.Bxc3 Rfe8 17.f3 Qd6 18.c5 Qc7 19.Qd2 Nd5 
20.Rac1 exd4 21.b4 Nf4 22.Re4 dxc3 23.Rxc3 Nxg2 
24.Qxg2 1-0

[Event "HCL-C160"]
[Site "www.playchess.de"]
[Date "2001.04.06"]
[Round "9"]
[White "soymilk"]
[Black "arsenic"]
[WhiteElo "1201"]
[BlackElo "1248"]
[PlyCount "67"]
[Result "1/2-1/2"]

1.Nf3 d5 2.g3 Bg4 3.Bg2 Nd7 4.O-O e6 5.b3 Bd6 
6.Bb2 Ngf6 7.d3 c6 8.Nbd2 O-O 9.Re1 e5 10.e4 Re8 
11.Nf1 Bb4 12.c3 Ba5 13.h4 Nh5 14.N1h2 Ndf6 
15.Nxg4 Nxg4 16.Bh3 Nhf6 17.b4 Bb6 18.Re2 dxe4 
19.dxe4 Qxd1+ 20.Rxd1 Nxf2 21.Rxf2 Nxe4 22.Rdf1 
Bxf2+ 23.Rxf2 Nxf2 24.Kxf2 e4 25.Nd4 g6 26.Bc1 f5 
27.Be3 Rac8 28.Nb3 b6 29.Bf1 Red8 30.Bc4+ Kf8 
31.Nd4 b5 32.Ne6+ Ke7 33.Nxd8 bxc4 
34.Nb7 1/2-1/2

[Event "HCL-B153"]
[Site "www.playchess.de"]
[Date "2001.04.06"]
[Round "8"]
[White "sonali"]
[Black "sarek"]
[WhiteElo "1500"]
[BlackElo "1086"]
[PlyCount "55"]
[Result "1-0"]

1.f4 d5 2.d4 g6 3.e3 Bg7 4.Nc3 Nf6 5.h3 c6 6.Bd2 
Bf5 7.g4 Be4 8.Nxe4 Nxe4 9.Nf3 Qb6 10.b3 Ng3 
11.Rg1 Ne4 12.Bd3 Nd7 13.Qe2 c5 14.O-O-O cxd4 
15.Rge1 Nc3 16.Bxc3 dxc3 17.Bb5 a5 18.Bxd7+ Kxd7 
19.Rxd5+ Ke8 20.Qb5+ Qxb5 21.Rxb5 O-O 22.Rxb7 e6 
23.Rc7 a4 24.b4 Rfc8 25.Rxc8+ Rxc8 26.a3 f6 27.Nd4 
e5 28.fxe5 1-0

[Event "HCL-B153"]
[Site "www.playchess.de"]
[Date "2001.04.06"]
[Round "9"]
[White "sarek"]
[Black "dgrudny"]
[WhiteElo "1086"]
[BlackElo "1500"]
[PlyCount "56"]
[Result "0-1"]

1.e4 c5 2.c3 d6 3.d4 cxd4 4.cxd4 Nf6 5.Nc3 Nc6 
6.Bb5 Bd7 7.Nf3 a6 8.Bxc6 bxc6 9.O-O Qc7 10.Bg5 g6 
11.Qd2 Bg7 12.Bh6 O-O 13.h3 Rfb8 14.Rab1 Qa5 15.a3 
Rb3 16.Bxg7 Kxg7 17.e5 Nd5 18.Nxd5 Qxd2 19.Nxd2 
Rd3 20.Nf3 cxd5 21.exd6 exd6 22.Rfd1 Rxd1+ 23.Rxd1 
Rb8 24.Rd2 Rb3 25.Kf1 Bxh3 26.gxh3 Rxf3 27.Kg2 Rb3 
{Not yet.}  28.f3 Kf6 0-1

[Event "HCL-A071"]
[Site "www.playchess.de"]
[Date "2001.04.06"]
[Round "12"]
[White "Spiridonas"]
[Black "stud"]
[WhiteElo "1592"]
[BlackElo "1180"]
[PlyCount "27"]
[Result "1-0"]

1.Nf3 g6 2.d4 Bg7 3.e4 d5 4.exd5 Qxd5 5.c4 Qe6+ 
6.Be2 c6 7.O-O Nf6 8.Nc3 O-O 9.Be3 Rd8 10.Qd2 Na6 
11.Rfd1 Ne4 12.Nxe4 Qxe4 13.Ng5 Qf5 
14.c5 1-0